000 00522nab a2200193 a 4500
005 20210219161940.0
008 991125s1985 mx 000 0 spa u
035 _aUPN01000194727
100 1 _aRuiz, Angel
222 _aREVISTA DE ESTUDIOS DE JUVENTUD
245 _aAprende a emprender : universidad y emprendimiento
260 _aEspaƱa
300 _a69-87
362 0 _a2012 No. 99, dic.
653 0 _aEMPRENDIMIENTO
653 0 _aFORMACION DE EMPRENDEDORES
653 0 _aUNIVERSIDADES
905 _aArticulo
999 _c166828
_d166828